Szczegóły MARC21

Financial exclusion /

005 -DATA I CZAS OSTATNIEJ MODYFIKACJI [,]
    • @
    • pole kontrolne
    • 20090626100713.0
020 -Międzynarod. znormalizowany nr książki - ISBN [ , ]
    • a
    • Numer ISBN
    • 9781403990518 Find
020 -Międzynarod. znormalizowany nr książki - ISBN [ , ]
    • a
    • Numer ISBN
    • 1403990514 Find
040 -Instytucja sporządzająca opis [ , ]
    • a
    • Instytucja, która sporządziła opis (NP)
    • SZCZ U/KLR
    • c
    • Instytucja, która sporządziła rekord (NP)
    • SZCZ U/KLR
    • d
    • Instytucja, która zmodyfikowała rekord (P)
    • SZCZ U/JŚ
041 -Język dokumentu [0, ]
    • a
    • Język tekstu (P)
    • angielski
044 -Kraj miejsca wydania [ , ]
    • a
    • Kraj miejsca wydania
    • Wielka Brytania
942 -Rodzaj dokumentu [ , ]
    • c
    • Rodzaj dokumentu
    • Książka
100 -Hasło główne - nazwa osobowa [1, ]
    • a
    • Nazwa osobowa (NP)
    • Carbó, Santiago
    • d
    • Daty biograficzne (NP)
    • (1966-).
245 -Strefa tytułu i oznaczenia odpowiedzialności [1,0]
    • a
    • Tytuł
    • Financial exclusion / Find
    • c
    • Pozostałe elementy strefy tytułu i oznaczenia odpowiedzialności (NP)
    • by Santiago Carbó, Edward P. M. Gardener and Philip Molyneux.
260 -Strefa adresu wydawniczego [ , ]
    • a
    • Miejsce wydania (P)
    • Basingstoke :
    • b
    • Nazwa wydawcy (P)
    • Palgrave Macmillan,
    • c
    • Data wydania (P)
    • 2005.
300 -Strefa opisu fizycznego [ , ]
    • a
    • Określenie formy książki i/lub objętość (NP)
    • XVI, 184 s. :
    • b
    • Oznaczenie ilustracji (NP)
    • il. ;
    • c
    • Format (NP)
    • 22 cm.
440 -Strefa serii i książki wielotomowej - forma do wyszukiwania [ ,0]
    • a
    • Tytuł (NP)
    • Palgrave Macmillan Studies in Banking and Financial Institutions Find
    • 9
    • KHW
    • 54943
504 -Uwaga dot. bibliogr. załącznikowej [ , ]
    • a
    • Uwaga dot. bibliografii załącznikowej
    • Bibliogr. Ind.
080 -Uniwersalna Klasyfikacja Dziesiętna [ , ]
    • 2
    • Identyfikator wydania tablic
    • UDC-P058
    • a
    • Symbol klasyfikacji
    • 347.731
    • b
    • Dopowiedzenie
    • Instytucje pośrednictwa handlowego. Rynek kapitałowy. Giełdy papierów wartościowych. Giełdy towarowe. Prawo giełdowe. Prawo papierów wartościowych. Targi. Wystawy.
    • x
    • Poddział wspólny
    • =111
    • b
    • Dopowiedzenie
    • =Język angielski.
980 -Symbol UKD [ , ]
    • a
    • UKD
    • 347.731=111
700 -Hasło dodatkowe - nazwa osobowa [1, ]
    • a
    • Nazwa osobowa (NP)
    • Gardener, Edward P. M. Find
700 -Hasło dodatkowe - nazwa osobowa [1, ]
    • a
    • Nazwa osobowa (NP)
    • Molyneux, Philip. Find
    • 9
    • KHW
    • 46157
920 -ISBN [ , ]
    • a
    • ISBN
    • 978-1-4039-9051-8 Find
920 -ISBN [ , ]
    • a
    • ISBN
    • 1-4039-9051-4 Find
Status udost. Numer inwentarzowy Data inwentaryzacji Obwoluta Lokalizacja
-2T.104862009-04-061T